Lake To US State - Statistics

General Stats
  • This quiz has been taken 10 times
  • The average score is 11 of 15
Answer Stats
Hint Answer % Correct
Lake Michigan Illinois | Indiana | Michigan | Wisconsin
100%
Lake Kentucky Kentucky | Tennessee
100%
Great Salt Lake Utah
100%
Yellowstone Lake Wyoming
100%
Lake Tahoe California | Nevada
90%
Lake Ontario New York
90%
Lake Okeechobee Florida
80%
Lake of the Ozarks Missouri
80%
Crater Lake Oregon
80%
Seneca Lake New York
70%
Lake Champlain New York | Vermont
70%
Lake Powell Arizona | Utah
60%
Lake Clark Alaska
30%
Caddo Lake Louisiana | Texas
30%
Pyramid Lake Nevada
30%
No matching quizzes found
Score Distribution
Percent of People with Each Score
Percentile by Number Answered
Your Score History
You have not taken this quiz